[Event "2nd IMSA Blitz w 2017"]
[Site "Huai'an CHN"]
[Date "2017.12.13"]
[Round "12.6"]
[White "Paehtz, Elisabeth"]
[Black "Lagno, Kateryna"]
[Result "0-1"]
[WhiteTitle "IM"]
[BlackTitle "GM"]
[WhiteElo "2464"]
[BlackElo "2547"]
[WhiteFideId "4641833"]
[BlackFideId "14109336"]
[EventDate "2017.12.12"]

1. e4 e5 2. Nf3 Nc6 3. d4 exd4 4. Bc4 Bc5 5. c3 Nf6 6. e5 d5 7. Be2 Ne4 8. cxd4
Bb4+ 9. Nbd2 O-O 10. O-O f6 11. exf6 Qxf6 12. Qb3 Nxd2 13. Bxd2 Bxd2 14. Nxd2
Nxd4 15. Qd1 Nxe2+ 16. Qxe2 Qxb2 17. Qd3 c6 18. Nb3 Bf5 19. Qg3 Qf6 20. Rfe1
Rae8 21. h3 b6 22. Rxe8 Rxe8 23. Qc7 c5 24. Rc1 c4 25. Nd2 Qb2 26. Rd1 Qc2 0-1

[Event "2nd IMSA Blitz w 2017"]
[Site "Huai'an CHN"]
[Date "2017.12.13"]
[Round "13.1"]
[White "Paehtz, Elisabeth"]
[Black "Muzychuk, Anna"]
[Result "0-1"]
[WhiteTitle "IM"]
[BlackTitle "GM"]
[WhiteElo "2464"]
[BlackElo "2582"]
[WhiteFideId "4641833"]
[BlackFideId "14111330"]
[EventDate "2017.12.12"]

1. d4 f5 2. e3 Nf6 3. b3 e6 4. Bb2 d6 5. h3 g6 6. g4 Bg7 7. g5 Ne4 8. h4 c5 9.
Nd2 Nc6 10. Nxe4 fxe4 11. Qg4 d5 12. Qg2 cxd4 13. O-O-O Qa5 14. Kb1 e5 15. h5
Bf5 16. h6 Bf8 17. exd4 exd4 18. Ne2 Nb4 19. Nxd4 Qxa2+ 20. Kc1 Rc8 21. Bb5+ Kd8
22. Qg3 Be7 23. Rhg1 a6 24. Qe5 Rf8 25. Bc4 Rxc4 26. bxc4 Qxc4 27. Rd2 Qc7 28.
Qg7 Bd6 29. Nxf5 Rxf5 30. Qxc7+ Kxc7 31. Bf6 Bf4 32. Kd1 Bxd2 33. Kxd2 Rxf2+ 34.
Ke3 Rf3+ 35. Kd4 Kd6 36. Be5+ Ke6 37. Bf6 b6 38. Rg2 Nc6# 0-1

[Event "2nd IMSA Blitz w 2017"]
[Site "Huai'an CHN"]
[Date "2017.12.13"]
[Round "13.5"]
[White "Tan, Zhongyi"]
[Black "Dzagnidze, Nana"]
[Result "0-1"]
[WhiteTitle "GM"]
[BlackTitle "GM"]
[WhiteElo "2517"]
[BlackElo "2522"]
[WhiteFideId "8603642"]
[BlackFideId "13601903"]
[EventDate "2017.12.12"]

1. d4 Nf6 2. c4 e6 3. Nf3 d5 4. Bg5 Bb4+ 5. Nc3 dxc4 6. e4 c5 7. Bxc4 cxd4 8.
Nxd4 Bxc3+ 9. bxc3 Qa5 10. Bb5+ Nbd7 11. O-O Nxe4 12. Bh4 O-O 13. Nxe6 Qxb5 14.
Nxf8 Nxf8 15. Qd8 b6 16. Rfe1 Bb7 17. Qe7 Qc6 18. f3 Qc5+ 19. Qxc5 Nxc5 20. Rad1
Nfe6 21. Bf2 Rc8 22. g3 Bxf3 23. Rd2 h6 24. h4 Bb7 25. Bd4 Ne4 26. Rd3 Nxd4 27.
cxd4 Nf6 28. Rde3 Rc2 29. R3e2 Rc4 30. Rd1 Bd5 31. Re3 Rc2 32. a3 Ng4 33. Re8+
Kh7 34. Rd8 Bf3 35. Re1 Rh2 0-1

[Event "2nd IMSA Blitz w 2017"]
[Site "Huai'an CHN"]
[Date "2017.12.13"]
[Round "13.6"]
[White "Muzychuk, Mariya"]
[Black "Ju, Wenjun"]
[Result "1/2-1/2"]
[WhiteTitle "GM"]
[BlackTitle "GM"]
[WhiteElo "2544"]
[BlackElo "2567"]
[WhiteFideId "14114550"]
[BlackFideId "8603006"]
[EventDate "2017.12.12"]

1. e4 e6 2. d4 d5 3. Nc3 Nf6 4. Bg5 dxe4 5. Nxe4 Be7 6. Bxf6 gxf6 7. Qd2 b6 8.
O-O-O Bb7 9. Qe3 Nd7 10. Nf3 c6 11. Bd3 Qc7 12. Ng3 O-O-O 13. Nf5 Bf8 14. Nh6
Bd6 15. g3 Rhf8 16. h4 c5 17. Be4 Bxe4 18. Qxe4 Qb7 19. Qxb7+ Kxb7 20. d5 Ne5
21. Nxe5 Bxe5 22. dxe6 fxe6 23. Rxd8 Rxd8 24. Ng4 Bd4 25. c3 f5 26. cxd4 fxg4
27. dxc5 Rc8 28. Re1 Rxc5+ 29. Kd2 Rf5 30. Rxe6 Rxf2+ 31. Re2 Rf3 32. Re7+ Ka6
33. Rxh7 Rxg3 34. Rg7 b5 35. a3 Kb6 36. h5 Rh3 37. Rxg4 Rxh5 38. Kc3 Rf5 39. Kb3
Kc6 1/2-1/2

[Event "2nd IMSA Blitz w 2017"]
[Site "Huai'an CHN"]
[Date "2017.12.13"]
[Round "14.2"]
[White "Ju, Wenjun"]
[Black "Tan, Zhongyi"]
[Result "1-0"]
[WhiteTitle "GM"]
[BlackTitle "GM"]
[WhiteElo "2567"]
[BlackElo "2517"]
[WhiteFideId "8603006"]
[BlackFideId "8603642"]
[EventDate "2017.12.12"]

1. d4 Nf6 2. Nf3 e6 3. Bf4 c5 4. e3 b6 5. Nbd2 Bb7 6. Bd3 d6 7. c3 Nbd7 8. Qe2
Nh5 9. Bg5 Be7 10. Bxe7 Qxe7 11. O-O O-O 12. Rad1 h6 13. Rfe1 Rfc8 14. Bb1 d5
15. Ne5 Nhf6 16. f4 Ne4 17. Nxe4 Nxe5 18. Nxc5 Nc4 19. Nxb7 Qxb7 20. e4 b5 21.
exd5 exd5 22. Qc2 g6 23. f5 Rc6 24. fxg6 fxg6 25. Rd3 Rf8 26. Rg3 Rff6 27. h4 h5
28. Qe2 Qb8 29. Rg5 Qf8 30. Qxh5 Rce6 31. Rxe6 Rxe6 32. Rxg6+ Rxg6 33. Qxg6+ Qg7
34. Qxg7+ Kxg7 35. b3 Nd2 36. Bd3 1-0

[Event "2nd IMSA Blitz w 2017"]
[Site "Huai'an CHN"]
[Date "2017.12.13"]
[Round "14.5"]
[White "Zhao, Xue"]
[Black "Lagno, Kateryna"]
[Result "1-0"]
[WhiteTitle "GM"]
[BlackTitle "GM"]
[WhiteElo "2477"]
[BlackElo "2547"]
[WhiteFideId "8601283"]
[BlackFideId "14109336"]
[EventDate "2017.12.12"]

1. c4 c5 2. Nf3 Nc6 3. Nc3 Nf6 4. e3 e6 5. d4 d5 6. cxd5 exd5 7. Be2 cxd4 8.
Nxd4 Bd6 9. O-O O-O 10. Bf3 Be5 11. Nce2 Ne4 12. g3 Bh3 13. Bg2 Qd7 14. b3 h5
15. Bb2 h4 16. Bxh3 Qxh3 17. Nxc6 Bxb2 18. Ne7+ Kh8 19. Rb1 Bf6 20. Nf4 Qf5 21.
Nxf5 1-0

[Event "2nd IMSA Blitz w 2017"]
[Site "Huai'an CHN"]
[Date "2017.12.13"]
[Round "15.2"]
[White "Paehtz, Elisabeth"]
[Black "Zhao, Xue"]
[Result "0-1"]
[WhiteTitle "IM"]
[BlackTitle "GM"]
[WhiteElo "2464"]
[BlackElo "2477"]
[WhiteFideId "4641833"]
[BlackFideId "8601283"]
[EventDate "2017.12.12"]

1. d4 Nf6 2. Nf3 e6 3. c3 b6 4. Bf4 Bb7 5. e3 d6 6. Nbd2 Nbd7 7. h3 g6 8. Bd3
Bg7 9. Bh2 e5 10. Qe2 e4 11. Bb5 exf3 12. gxf3 a6 13. Ba4 b5 14. Bb3 Nb6 15. e4
O-O 16. O-O-O a5 17. Bc2 b4 18. h4 bxc3 19. bxc3 Nh5 20. Rhg1 Ba6 21. Qe3 Nc4
22. Nxc4 Bxc4 23. f4 Qe7 24. f5 Rfe8 25. f4 Qxh4 26. Rg2 Bh6 27. Rf2 Qxh2 28.
Rxh2 Bxf4 29. Qxf4 Nxf4 30. Kd2 Nh5 31. Re1 Nf6 32. Rh4 gxf5 33. Rg1+ Kf8 34.
exf5 Re2+ 35. Kd1 Nd5 0-1

[Event "2nd IMSA Blitz w 2017"]
[Site "Huai'an CHN"]
[Date "2017.12.13"]
[Round "15.3"]
[White "Lagno, Kateryna"]
[Black "Harika, Dronavalli"]
[Result "1-0"]
[WhiteTitle "GM"]
[BlackTitle "GM"]
[WhiteElo "2547"]
[BlackElo "2504"]
[WhiteFideId "14109336"]
[BlackFideId "5015197"]
[EventDate "2017.12.12"]

1. e4 e6 2. d4 d5 3. Nd2 Be7 4. Ngf3 Nf6 5. e5 Nfd7 6. Bd3 c5 7. c3 Nc6 8. O-O
g5 9. dxc5 g4 10. Nd4 Ndxe5 11. Bb5 Bd7 12. b4 a5 13. Bxc6 bxc6 14. f4 Nd3 15.
Qxg4 axb4 16. cxb4 Bf6 17. N2f3 h5 18. Qh3 Nxc1 19. Raxc1 Ra3 20. Nc2 Rxa2 21.
Ne5 Bxe5 22. fxe5 Qg5 23. Qf3 Rh7 24. b5 cxb5 25. c6 Bc8 26. Nb4 Rb2 27. Nd3 Rd2
28. Ra1 Rg7 29. Rf2 Rxf2 30. Qxf2 Qg6 31. Ra8 Qxd3 32. Rxc8+ Ke7 33. Qf6# 1-0

[Event "2nd IMSA Blitz w 2017"]
[Site "Huai'an CHN"]
[Date "2017.12.13"]
[Round "15.6"]
[White "Tan, Zhongyi"]
[Black "Muzychuk, Mariya"]
[Result "1-0"]
[WhiteTitle "GM"]
[BlackTitle "GM"]
[WhiteElo "2517"]
[BlackElo "2544"]
[WhiteFideId "8603642"]
[BlackFideId "14114550"]
[EventDate "2017.12.12"]

1. d4 Nf6 2. c4 g6 3. Nf3 Bg7 4. g3 d5 5. Bg2 O-O 6. O-O dxc4 7. Na3 c3 8. bxc3
c5 9. e3 Nc6 10. Nc4 Be6 11. Qe2 Ne4 12. Bb2 Rc8 13. Ncd2 Nxd2 14. Nxd2 cxd4 15.
cxd4 Na5 16. Rfc1 Rxc1+ 17. Rxc1 Bxa2 18. Bc3 Nc6 19. Nc4 Qd7 20. Qxa2 Rc8 21.
Bd2 e5 22. d5 Ne7 23. e4 b5 24. Na5 Rxc1+ 25. Bxc1 Nc8 26. Nc6 Bf8 27. Be3 Qc7
28. h4 b4 29. Bh3 Nd6 30. Nxb4 Nxe4 31. Nc6 Qb7 32. Qxa7 Qb1+ 33. Bf1 Nc3 34.
Nxe5 Ne2+ 35. Kh2 Qf5 36. Qxf7+ Qxf7 37. Nxf7 Nc3 38. Nh6+ Kg7 39. Bd4+ 1-0

[Event "2nd IMSA Blitz w 2017"]
[Site "Huai'an CHN"]
[Date "2017.12.13"]
[Round "16.1"]
[White "Dzagnidze, Nana"]
[Black "Lagno, Kateryna"]
[Result "1/2-1/2"]
[WhiteTitle "GM"]
[BlackTitle "GM"]
[WhiteElo "2522"]
[BlackElo "2547"]
[WhiteFideId "13601903"]
[BlackFideId "14109336"]
[EventDate "2017.12.12"]

1. Nf3 g6 2. c4 c5 3. g3 Bg7 4. Bg2 Nc6 5. Nc3 d6 6. O-O e6 7. e3 Nge7 8. d4 O-O
9. b3 b6 10. Bb2 Bb7 11. dxc5 dxc5 12. Qe2 a6 13. Ne4 Qc7 14. Bxg7 Kxg7 15. Qb2+
e5 16. Rfd1 Rad8 17. a3 f6 18. Nc3 Na5 19. Qc2 Rxd1+ 20. Rxd1 Rd8 21. Nd2 Bxg2
22. Kxg2 Qc6+ 23. e4 Rd4 24. Nd5 Nxd5 25. exd5 Qd7 26. Nf3 Rxd1 27. Qxd1 Nb7 28.
Qd3 Nd6 29. Nd2 a5 30. Ne4 h6 31. Nxd6 Qxd6 32. a4 f5 33. Qe3 e4 34. Qc3+ Qf6
35. Qxf6+ Kxf6 36. f3 exf3+ 37. Kxf3 g5 38. h4 Ke5 39. hxg5 hxg5 40. Ke3 Kd6 41.
Kf3 Ke5 1/2-1/2

[Event "2nd IMSA Blitz w 2017"]
[Site "Huai'an CHN"]
[Date "2017.12.13"]
[Round "16.4"]
[White "Muzychuk, Anna"]
[Black "Tan, Zhongyi"]
[Result "1-0"]
[WhiteTitle "GM"]
[BlackTitle "GM"]
[WhiteElo "2582"]
[BlackElo "2517"]
[WhiteFideId "14111330"]
[BlackFideId "8603642"]
[EventDate "2017.12.12"]

1. e4 d6 2. Nc3 Nf6 3. f4 g6 4. Nf3 Bg7 5. g3 O-O 6. Bg2 c5 7. d3 Nc6 8. O-O e5
9. f5 Nd4 10. Bg5 h6 11. Bxf6 Bxf6 12. fxg6 fxg6 13. Nd5 Be6 14. Nd2 Bxd5 15.
exd5 Nf5 16. Qe2 Bg5 17. c3 b5 18. Ne4 Rb8 19. a3 Kg7 20. Kh1 Rb7 21. Rf3 a5 22.
Raf1 Rbf7 23. Bh3 b4 24. axb4 axb4 25. Qf2 Qd7 26. Bg4 bxc3 27. bxc3 Bd8 28. c4
h5 29. Bh3 h4 30. gxh4 Bxh4 31. Qg2 Bd8 32. Qg4 Kh7 33. Qg2 Qc7 34. Bxf5 Rxf5
35. Rxf5 Rxf5 36. Qh3+ Kg7 37. Rxf5 gxf5 38. Qxf5 Be7 39. Qg4+ Kf8 40. Qf5+ Kg7
41. Qe6 Qb7 42. Kg2 Bf8 43. Qf6+ Kg8 44. Qg6+ Qg7 45. Qxg7+ Kxg7 46. Kf3 Be7 47.
Kg4 Kg6 48. h3 Kh6 49. Ng3 Bf8 50. Nf5+ Kh7 51. Kg5 Kg8 52. Kf6 1-0

[Event "2nd IMSA Blitz w 2017"]
[Site "Huai'an CHN"]
[Date "2017.12.13"]
[Round "16.5"]
[White "Harika, Dronavalli"]
[Black "Paehtz, Elisabeth"]
[Result "1-0"]
[WhiteTitle "GM"]
[BlackTitle "IM"]
[WhiteElo "2504"]
[BlackElo "2464"]
[WhiteFideId "5015197"]
[BlackFideId "4641833"]
[EventDate "2017.12.12"]

1. c4 b6 2. Nc3 Bb7 3. e4 e6 4. g3 c5 5. Bg2 d6 6. Nge2 Nf6 7. O-O Nbd7 8. d3 g6
9. h3 Bg7 10. e5 Bxg2 11. exf6 Bxf1 12. fxg7 Rg8 13. Qxf1 Rxg7 14. h4 Ne5 15.
Qg2 Rc8 16. Bh6 Rg8 17. Rd1 Qf6 18. Bf4 Qe7 19. b3 f6 20. d4 cxd4 21. Nxd4 Kf7
22. Ndb5 Rgd8 23. Ne4 d5 24. Ng5+ Kg7 25. Bxe5 fxe5 26. cxd5 exd5 27. Rxd5 h6
28. Rxd8 Rxd8 29. Ne4 a6 30. Nbc3 b5 31. Qf3 Rd4 32. Ne2 Rd8 33. Kh2 Qe6 34. Qe3
Qd5 35. N2c3 Qd4 36. Qf3 Rf8 37. Qe2 b4 38. Na4 Rf7 39. Nac5 Kh7 40. Nxa6 Ra7
41. Nac5 Rf7 42. Nd3 Kg7 43. Ndc5 Kh7 44. Kg2 Qd5 45. Qc4 Qxc4 46. bxc4 Ra7 47.
Nd3 Rxa2 48. Nxb4 Ra4 49. Nd3 Rxc4 50. Kf3 Kg7 51. Nxe5 Ra4 52. Ng4 Ra3+ 53. Ne3
Ra4 54. Nc3 Ra3 55. Ncd5 Ra4 56. Nf4 Ra6 57. g4 Rb6 58. Kg3 Rb3 59. h5 gxh5 60.
Nxh5+ Kg6 61. Nf4+ Kg7 62. Ng2 Ra3 63. Kh4 Ra2 64. f3 Rf2 65. Kg3 Ra2 66. Nf5+
Kh7 67. Nf4 Ra3 68. Nh5 Ra6 69. Nhg7 Kg6 70. Nh5 Kh7 71. Nf4 Ra4 72. Nd5 Ra5 73.
Nf6+ Kg6 74. Ng8 h5 75. Nge7+ Kg5 76. f4+ Kf6 77. g5+ Kf7 78. g6+ 1-0

[Event "2nd IMSA Blitz w 2017"]
[Site "Huai'an CHN"]
[Date "2017.12.13"]
[Round "17.1"]
[White "Paehtz, Elisabeth"]
[Black "Dzagnidze, Nana"]
[Result "0-1"]
[WhiteTitle "IM"]
[BlackTitle "GM"]
[WhiteElo "2464"]
[BlackElo "2522"]
[WhiteFideId "4641833"]
[BlackFideId "13601903"]
[EventDate "2017.12.12"]

1. e4 c5 2. Nf3 e6 3. c3 d5 4. exd5 exd5 5. d4 Nc6 6. Bb5 Bd6 7. dxc5 Bxc5 8.
O-O Ne7 9. Nbd2 O-O 10. Nb3 Bd6 11. Bd3 h6 12. h3 Nf5 13. Bc2 Be6 14. Qd3 Re8
15. Nbd4 Nfxd4 16. Qh7+ Kf8 17. cxd4 Qf6 18. Re1 Rac8 19. Ba4 a6 20. Bb3 Nxd4
21. Nxd4 Qxd4 22. Be3 Qe5 23. g3 Qf6 24. Rad1 Bb4 25. Bd4 Qg6 26. Qxg6 fxg6 27.
Re3 Bf7 28. a3 Rxe3 29. Bxe3 Be7 30. Bxd5 Rd8 31. Bf3 Rxd1+ 32. Bxd1 Bf6 33. b4
Bd5 34. h4 Kf7 35. Bc2 Bb2 36. a4 Bc3 37. Bc5 Bf3 38. Kf1 g5 39. hxg5 hxg5 40.
Bd3 Ke6 41. Bc4+ Kd7 42. b5 axb5 43. axb5 Kc7 44. Bd3 Kd7 45. Be3 g4 46. Bf4 Ke6
47. Be3 Kd5 48. Ba7 Bd4 49. Bxd4 Kxd4 50. Bf5 Kc5 51. Bd7 Be4 52. Ke1 Bd3 53.
Bxg4 Bxb5 54. Kd2 Bc4 55. Bd7 b5 56. f4 Kd4 57. Bc6 b4 58. g4 b3 59. g5 Bd3 60.
Ba4 b2 61. Bc2 b1=Q 62. Bxb1 Bxb1 63. Kc1 Bf5 0-1

[Event "2nd IMSA Blitz w 2017"]
[Site "Huai'an CHN"]
[Date "2017.12.13"]
[Round "17.3"]
[White "Zhao, Xue"]
[Black "Muzychuk, Anna"]
[Result "0-1"]
[WhiteTitle "GM"]
[BlackTitle "GM"]
[WhiteElo "2477"]
[BlackElo "2582"]
[WhiteFideId "8601283"]
[BlackFideId "14111330"]
[EventDate "2017.12.12"]

1. c4 Nf6 2. Nf3 g6 3. b3 Bg7 4. Bb2 O-O 5. g3 d6 6. Bg2 e5 7. O-O Re8 8. d3 c6
9. Nbd2 Na6 10. Rc1 Nc5 11. b4 Ne6 12. c5 dxc5 13. bxc5 Nd5 14. Ne4 Nd4 15. Nd6
Nxf3+ 16. Bxf3 Re7 17. Nxc8 Rxc8 18. Qa4 e4 19. Bxg7 exf3 20. Ba1 fxe2 21. Rfe1
Qf8 22. Qd4 f6 23. Rc2 Rce8 24. Qb2 Qh6 25. Rcxe2 Rxe2 26. Rxe2 Rxe2 27. Qxe2
Qc1+ 28. Qf1 Qxc5 29. Kg2 Qc2 30. Qe1 Kf7 31. Qe4 Qxa2 32. Bd4 a5 33. Qg4 Ne7
34. Qh4 Qd5+ 35. Kg1 g5 36. Qxh7+ Ke6 37. Bc3 Qf5 38. Qh8 a4 39. Bb4 Qxd3 40.
Qb8 Qd1+ 41. Kg2 Qd7 42. Qa7 b5 43. Qe3+ Kf7 44. Qc5 Nd5 45. Bd2 Ne7 46. Bc3
Qd5+ 0-1

[Event "2nd IMSA Blitz w 2017"]
[Site "Huai'an CHN"]
[Date "2017.12.13"]
[Round "17.4"]
[White "Lagno, Kateryna"]
[Black "Ju, Wenjun"]
[Result "0-1"]
[WhiteTitle "GM"]
[BlackTitle "GM"]
[WhiteElo "2547"]
[BlackElo "2567"]
[WhiteFideId "14109336"]
[BlackFideId "8603006"]
[EventDate "2017.12.12"]

1. e4 e6 2. d4 d5 3. e5 c5 4. c3 Nc6 5. Nf3 Qb6 6. a3 c4 7. Nbd2 Na5 8. Rb1 Bd7
9. Be2 Ne7 10. O-O Qc7 11. Re1 Nc8 12. Bf1 Nb6 13. Ng5 h6 14. Qh5 g6 15. Qh3 Be7
16. f4 Ba4 17. Nxe6 fxe6 18. Qxe6 Bc2 19. g4 Bxb1 20. Nxb1 Qc6 21. Qxc6+ Nxc6
22. Nd2 Rf8 23. Nf3 O-O-O 24. Be2 Na4 25. Bd1 b5 26. Bc2 Rg8 27. Kf2 Rdf8 28. f5
gxf5 29. gxf5 Kb7 30. Bxh6 Rf7 31. Bc1 Rgf8 32. f6 Bxf6 33. exf6 Rxf6 34. Bd1 a5
35. Re3 R8f7 36. h4 Ne7 37. Re5 b4 38. axb4 axb4 39. Bg5 Nxb2 40. Bxf6 Nc6 41.
Rxd5 Nxd1+ 42. Kg3 Nxc3 43. Ne5 Nxd5 44. Nxf7 Nxf6 45. Nd6+ Kb6 46. Nxc4+ Kb5
47. Nd2 Nxd4 48. Kf4 Kc5 49. Kg5 Ng8 50. h5 Kd5 51. Kg6 Ne7+ 52. Kf6 Nef5 53.
Kg6 Ke5 54. h6 Nxh6 55. Kxh6 Kf4 56. Kg6 Ke3 57. Nc4+ Kd3 58. Na5 Kc3 59. Kf6
Nc6 60. Nb7 Kc4 61. Nd6+ Kd5 62. Nb5 b3 63. Nc3+ Kc4 64. Na4 Kb4 65. Nb2 Kc3 66.
Na4+ Kc2 67. Ke6 Nb4 68. Kd6 Nd3 69. Kd5 Kd2 70. Kc4 Kc2 71. Kd4 Nf4 72. Ke3
Nd5+ 73. Kd4 Nc7 74. Kc5 Ne6+ 75. Kb4 Nd4 76. Kc4 Nc6 77. Kb5 Ne5 78. Kb4 Nd7
79. Kb5 Kd2 80. Kb4 Kc2 81. Kb5 Nf6 82. Kc4 Ne4 83. Kb4 Nd6 84. Kc5 Nc8 85. Kb5
Kb1 86. Kb4 Kc2 87. Kb5 Ne7 88. Kc5 Ng6 89. Kc4 Nf4 90. Kb4 Nd5+ 91. Ka5 Nc3 92.
Nb6 Kd3 93. Kb4 b2 0-1

[Event "2nd IMSA Blitz w 2017"]
[Site "Huai'an CHN"]
[Date "2017.12.13"]
[Round "17.6"]
[White "Stefanova, Antoaneta"]
[Black "Tan, Zhongyi"]
[Result "1/2-1/2"]
[WhiteTitle "GM"]
[BlackTitle "GM"]
[WhiteElo "2500"]
[BlackElo "2517"]
[WhiteFideId "2902257"]
[BlackFideId "8603642"]
[EventDate "2017.12.12"]

1. d4 Nf6 2. Nf3 d5 3. e3 Bg4 4. h3 Bh5 5. g4 Bg6 6. Ne5 Nfd7 7. Nxg6 hxg6 8.
Bg2 e6 9. c4 c6 10. Qb3 Qb6 11. Nc3 Qxb3 12. axb3 Bb4 13. Bd2 Na6 14. Ke2 Nf6
15. Ra4 Bxc3 16. bxc3 Nc7 17. g5 Ne4 18. h4 Nxd2 19. Kxd2 Kd7 20. Bf3 a5 21. h5
gxh5 22. Rxh5 Rxh5 23. Bxh5 g6 24. Bf3 b5 25. cxb5 cxb5 26. Ra2 Ra7 27. Be2 Kc6
28. Kc2 Ne8 29. c4 bxc4 30. bxc4 dxc4 31. Bxc4 Nd6 32. Bd3 a4 33. Kc3 Kd5 34. f3
Rc7+ 35. Kb4 Rb7+ 36. Kxa4 e5 37. dxe5 Kxe5 38. Rc2 Nf5 39. Bxf5 Kxf5 40. Rc5+
Ke6 41. f4 Rb1 42. Re5+ Kd6 43. Re8 Rb2 44. Ka3 Rb1 45. Ka2 Rb4 46. Re5 Rb7 47.
Ka3 Rb1 48. Ka4 Rb2 49. Ka3 Rb1 50. Re8 Kd7 51. Re4 Kd6 52. Re5 1/2-1/2

[Event "2nd IMSA Blitz w 2017"]
[Site "Huai'an CHN"]
[Date "2017.12.13"]
[Round "18.3"]
[White "Muzychuk, Mariya"]
[Black "Lagno, Kateryna"]
[Result "1/2-1/2"]
[WhiteTitle "GM"]
[BlackTitle "GM"]
[WhiteElo "2544"]
[BlackElo "2547"]
[WhiteFideId "14114550"]
[BlackFideId "14109336"]
[EventDate "2017.12.12"]

1. e4 e5 2. Nf3 Nc6 3. d4 exd4 4. Nxd4 Nf6 5. Nxc6 bxc6 6. e5 Qe7 7. Qe2 Nd5 8.
c4 Ba6 9. b3 Qh4 10. a3 Nf4 11. Qe4 Ng6 12. Qxh4 Nxh4 13. Nd2 c5 14. f4 Bb7 15.
Kf2 Be7 16. Bb2 a5 17. Bc3 O-O 18. Rg1 f6 19. g3 Nf5 20. Bh3 fxe5 21. Bxe5 d6
22. Bc3 Nd4 23. Bxd4 cxd4 24. Be6+ Kh8 25. Bd5 c6 26. Bf3 g5 27. Rae1 Bd8 28.
Re6 gxf4 29. gxf4 Bh4+ 30. Ke2 Rae8 31. f5 Bc8 32. Rxe8 Rxe8+ 33. Kd1 Bxf5 34.
Bxc6 Rc8 35. Bd5 Rb8 36. Ne4 Bxe4 37. Bxe4 Rxb3 38. Kc2 Rxa3 39. Bd5 h5 40. Rg8+
Kh7 41. Re8 Ra2+ 42. Kd3 Rxh2 43. Kxd4 Bf6+ 44. Kd3 h4 45. Re6 Kg7 46. Rxd6 h3
47. Ra6 Ra2 48. c5 h2 49. c6 Be5 50. Ra7+ Kf6 51. c7 Bxc7 52. Rxc7 Ra1 53. Bg2
h1=Q 54. Bxh1 Rxh1 55. Ra7 Ke5 1/2-1/2

[Event "2nd IMSA Blitz w 2017"]
[Site "Huai'an CHN"]
[Date "2017.12.13"]
[Round "18.4"]
[White "Ju, Wenjun"]
[Black "Paehtz, Elisabeth"]
[Result "1-0"]
[WhiteTitle "GM"]
[BlackTitle "IM"]
[WhiteElo "2567"]
[BlackElo "2464"]
[WhiteFideId "8603006"]
[BlackFideId "4641833"]
[EventDate "2017.12.12"]

1. Nf3 g6 2. e4 Bg7 3. d4 d6 4. Nc3 a6 5. Be2 b5 6. a4 b4 7. Nd5 Bb7 8. Nxb4
Bxe4 9. a5 Nf6 10. O-O O-O 11. Be3 e6 12. c4 Nfd7 13. Nd2 Bb7 14. Bf3 Qc8 15. d5
Ne5 16. Be2 c5 17. dxc6 Nbxc6 18. Nc2 Nd7 19. Ra2 f5 20. f4 Qc7 21. b4 Ne7 22.
Nf3 Rfe8 23. Ncd4 Nc6 24. Nxc6 Qxc6 25. b5 Qc7 26. b6 Qb8 27. Rd2 Bf8 28. h3 Nf6
29. Bd4 Ne4 30. Rc2 Qc8 31. Re1 Qc6 32. Bd3 Qa4 33. Qa1 Qd7 34. Nd2 Nc5 35. Bf1
Bh6 36. Be3 Rac8 37. Nf3 Bxf3 38. gxf3 e5 39. fxe5 Bxe3+ 40. Rxe3 dxe5 41. Rxe5
Qd6 42. f4 Nb3 43. Qc3 Nd4 44. Rd5 Qxd5 45. cxd5 Rxc3 46. Rxc3 Rd8 47. b7 1-0

[Event "2nd IMSA Blitz w 2017"]
[Site "Huai'an CHN"]
[Date "2017.12.13"]
[Round "18.6"]
[White "Harika, Dronavalli"]
[Black "Zhao, Xue"]
[Result "1-0"]
[WhiteTitle "GM"]
[BlackTitle "GM"]
[WhiteElo "2504"]
[BlackElo "2477"]
[WhiteFideId "5015197"]
[BlackFideId "8601283"]
[EventDate "2017.12.12"]

1. c4 e6 2. Nc3 Bb4 3. Qb3 c5 4. a3 Ba5 5. g3 Nc6 6. Nf3 Nf6 7. Bg2 d5 8. O-O
O-O 9. cxd5 exd5 10. d4 cxd4 11. Nb5 Bb6 12. Qd3 Bg4 13. Nbxd4 Nxd4 14. Nxd4 Re8
15. Be3 Bxd4 16. Qxd4 Bxe2 17. Rfe1 Bc4 18. Bg5 Rxe1+ 19. Rxe1 h6 20. Bf4 Qb6
21. Qxb6 axb6 22. Be3 Re8 23. Rb1 Re6 24. b3 Bd3 25. Rb2 Rc6 26. h3 Be4 27. Bf1
Nd7 28. Bb5 Rd6 29. Bf4 Ne5 30. Bxe5 Re6 31. f4 f6 32. Bd4 h5 33. Kf2 Bf5 34.
Re2 Be4 35. g4 h4 36. Re1 Kf7 37. Rc1 1-0

[Event "2nd IMSA Blitz w 2017"]
[Site "Huai'an CHN"]
[Date "2017.12.13"]
[Round "19.1"]
[White "Harika, Dronavalli"]
[Black "Muzychuk, Anna"]
[Result "1-0"]
[WhiteTitle "GM"]
[BlackTitle "GM"]
[WhiteElo "2504"]
[BlackElo "2582"]
[WhiteFideId "5015197"]
[BlackFideId "14111330"]
[EventDate "2017.12.12"]

1. c4 Nf6 2. Nc3 c5 3. Nf3 d5 4. cxd5 Nxd5 5. e3 Nc6 6. Bb5 Nc7 7. Be2 e5 8. O-O
Be7 9. b3 O-O 10. Bb2 f6 11. Rc1 Bf5 12. d3 Qd7 13. Ne4 b6 14. a3 Rfd8 15. Qc2
Rac8 16. Rfd1 Nd5 17. Qb1 Be6 18. Bf1 Qe8 19. h3 Kh8 20. Kh1 Qf7 21. d4 exd4 22.
exd4 cxd4 23. Nxd4 Nxd4 24. Rxc8 Rxc8 25. Rxd4 Qg6 26. Qe1 Bf7 27. Ng3 Bc5 28.
Re4 Bd6 29. Bd3 Bxg3 30. fxg3 h6 31. Kh2 Qg5 32. Rg4 Qe3 33. Qf1 Rd8 34. Qf5 Bg8
35. Qg6 Qe7 36. Rh4 Qf7 37. Qe4 Ne7 38. Bc4 Qg6 39. Qxe7 Rd2 40. Qf8 Qh7 41.
Bxg8 Qxg8 42. Qxg8+ Kxg8 43. Bc3 Rd3 44. Rc4 b5 45. Rc7 a5 46. Bxa5 Rxb3 47. Bb4
Rd3 48. Rc5 Kf7 49. Rxb5 Rb3 50. Rb7+ Kg6 51. Rc7 1-0

[Event "2nd IMSA Blitz w 2017"]
[Site "Huai'an CHN"]
[Date "2017.12.13"]
[Round "19.2"]
[White "Zhao, Xue"]
[Black "Dzagnidze, Nana"]
[Result "1-0"]
[WhiteTitle "GM"]
[BlackTitle "GM"]
[WhiteElo "2477"]
[BlackElo "2522"]
[WhiteFideId "8601283"]
[BlackFideId "13601903"]
[EventDate "2017.12.12"]

1. Nf3 c5 2. g3 b6 3. Bg2 Bb7 4. c4 g6 5. d4 cxd4 6. Qxd4 Nf6 7. Nc3 Bg7 8. O-O
d6 9. Qh4 h6 10. Be3 Nbd7 11. Rfd1 Rc8 12. Rac1 g5 13. Qd4 O-O 14. Qd3 Bxf3 15.
exf3 Ne5 16. Qe2 Nxc4 17. Bd4 e5 18. Nb5 exd4 19. Rxc4 Rc5 20. Rcxd4 d5 21. Nc3
Qc7 22. Qd3 Re8 23. h4 gxh4 24. Rxh4 Rc4 25. Nxd5 Nxd5 26. Rxc4 Qe5 27. Qxd5
Qxb2 28. Re4 Rc8 29. Rde1 Rf8 30. Re8 1-0

[Event "2nd IMSA Blitz w 2017"]
[Site "Huai'an CHN"]
[Date "2017.12.13"]
[Round "19.4"]
[White "Paehtz, Elisabeth"]
[Black "Muzychuk, Mariya"]
[Result "1-0"]
[WhiteTitle "IM"]
[BlackTitle "GM"]
[WhiteElo "2464"]
[BlackElo "2544"]
[WhiteFideId "4641833"]
[BlackFideId "14114550"]
[EventDate "2017.12.12"]

1. d4 Nf6 2. Nf3 g6 3. Bg5 Bg7 4. Nbd2 d5 5. e3 O-O 6. c3 c5 7. Bd3 Nc6 8. h4 b6
9. Ne5 Nxe5 10. dxe5 Ng4 11. Be2 Nxe5 12. h5 h6 13. Bf4 g5 14. Bg3 f5 15. f4 Nf7
16. Qc2 g4 17. O-O-O Qc7 18. c4 d4 19. e4 e6 20. Bd3 Nd6 21. Rde1 a6 22. Bh4 b5
23. Rhf1 b4 24. Rf2 Bd7 25. Nf1 fxe4 26. Bxe4 Nxe4 27. Qxe4 Rae8 28. g3 e5 29.
f5 Qc8 30. f6 Bc6 31. Qg6 Rf7 32. fxg7 Rxf2 33. Qxh6 Qf5 34. Qh8+ Kf7 35. Nd2
Qd3 36. Bg5 Ba4 37. b3 Qc3+ 38. Kb1 Qd3+ 39. Kc1 Bd7 40. Rxe5 Qc3+ 41. Kd1 Qa1+
42. Kc2 Qxa2+ 43. Kc1 Qa1+ 44. Kc2 d3+ 45. Kxd3 Qxe5 46. g8=Q+ Rxg8 47. Qxe5
Bf5+ 48. Ke3 Re8 49. Qxe8+ Kxe8 50. Kxf2 a5 51. Be3 Bc2 52. Bxc5 a4 53. bxa4 b3
54. Bd4 1-0